000 00321nam a2200121Ia 4500
008 190216s9999||||xx |||||||||||||| ||und||
100 _aVyuptakesh Sharan
245 0 _aInternational Financial Management
260 _bPrentice Hall Of India Pvt Ltd
_c2003
300 _a524p
650 _aFinancial Management
942 _cBK
999 _c6324
_d6324